[Event "Foment Martinenc op"]
[Site "Barcelona"]
[Date "1992.??.??"]
[Round "?"]
[White "Granados Gomez, Manuel"]
[Black "Taken, F."]
[Result "1-0"]
[WhiteElo "2315"]
[BlackElo "2100"]
[PlyCount "160"]
[EventDate "1992.??.??"]
[EventType "swiss"]
[EventRounds "9"]
[EventCountry "ESP"]
[SourceTitle "EXT 2003"]
[Source "ChessBase"]
[SourceDate "2002.11.25"]
[SourceVersion "1"]
[SourceVersionDate "2002.11.25"]
[SourceQuality "1"]

1. d4 f5 2. Bg5 Nf6 3. Bxf6 exf6 4. e3 c6 5. Nd2 d5 6. Bd3 Be6 7. Qh5+ g6 8. Qf3 Na6 9. c3 Bd6 10. Nb3 Qe7 11. Ne2 Nc7 12. 0-0-0 a5 13. h4 h5 14. Kb1 b5 15. Nc5 Bxc5 16. dxc5 Qxc5 17. Qg3 0-0-0 18. Qxg6 Qe7 19. Bxf5 Rdg8 20. Bxe6+ Nxe6 21. Qf5 Kb7 22. g3 Nc5 23. Nf4 Qe4+ 24. Qxe4 Nxe4 25. Rh2 Kc7 26. Rg2 Rh7 27. Kc2 Kd6 28. f3 Nxg3 29. e4 Rhg7 30. exd5 Nf5 31. Re2 Re7 32. dxc6+ Kxc6 33. Rxe7 Nxe7 34. Nxh5 Nf5 35. Re1 Rg2+ 36. Kc1 Nxh4 37. Re6+ Kc5 38. Rxf6 Rf2 39. f4 b4 40. cxb4+ axb4 41. Ng3 Kd4 42. Rd6+ Kc4 43. f5 Rf3 44. b3+ Kb5 45. Rd5+ Kc6 46. Rd4 Ng2 47. Ne4 Nf4 48. Rc4+ Kd5 49. Kd2 Rd3+ 50. Kc2 Rh3 51. Rxb4 Rh2+ 52. Nd2 Ke5 53. Rb5+ Kd4 54. a4 Nd5 55. Rb8 Ne3+ 56. Kc1 Rh1+ 57. Kb2 Rh2 58. Rd8+ Nd5 59. Kc2 Kc5 60. Kd3 Rh3+ 61. Kc2 Ne3+ 62. Kb2 Nxf5 63. Ne4+ Kc6 64. Rc8+ Kb6 65. Nd2 Nd4 66. Rc3 Rh2 67. Rd3 Ne2 68. Nc4+ Kc5 69. Rd2 Kb4 70. Ne5 Rg2 71. Nd3+ Ka5 72. Nc1 Nf4 73. Rxg2 Nxg2 74. Ka3 Ne3 75. b4+ Ka6 76. Kb3 Kb6 77. Nd3 Kc6 78. Nb2 Kd5 79. a5 Kc6 80. Ka4 Nd5 1-0